Kane and abel / (Record no. 177070)

MARC details
000 -LEADER
fixed length control field 00597nam a22001937a 4500
005 - DATE AND TIME OF LATEST TRANSACTION
control field 20210208111739.0
010 ## - LCCN (DPL NO)
LC control number B-736849
020 ## - INTERNATIONAL STANDARD BOOK NUMBER
Terms of availability 9780330509688
International Standard Book Number 350.00
035 ## - SYSTEM CONTROL NUMBER
System control number B-736849
037 ## - SOURCE OF ACQUISITION
Source of stock number/acquisition Gift/Eng/03-02-2021
082 ## - DEWEY DECIMAL CLASSIFICATION NUMBER
Classification number 823.914
100 ## - MAIN ENTRY--PERSONAL NAME
Personal name Archer, Jeffrey
245 ## - TITLE STATEMENT
Title Kane and abel /
Statement of responsibility, etc by Jeffrey Archer
260 ## - PUBLICATION, DISTRIBUTION, ETC. (IMPRINT)
Place of publication, distribution, etc London
Name of publisher, distributor, etc Pan Books
Date of publication, distribution, etc 2009
270 ## - ADDRESS
City London
Address 20 New Wharf Road
300 ## - PHYSICAL DESCRIPTION
Extent 544p.
Dimensions 20cm(pbk)
942 ## - ADDED ENTRY ELEMENTS (KOHA)
Institution code [OBSOLETE] dpl
Item type English Books
Source of classification or shelving scheme Dewey Decimal Classification
Classification part 823.914
Call number suffix ARC
Holdings
Withdrawn status Lost status Not for loan Collection code Home library Current library Date acquired Source of acquisition Cost, normal purchase price Full call number Barcode Copy number Cost, replacement price Koha item type
      Non-fiction Central Library Central Library 08/02/2021 Gift/Eng/03-02-2021 350.00 823.914 ARC B-736849 1 350.00 English Books

© Delhi Public Library
Hit Counter
free hit counter